História da inteligencia brasileira (Record no. 21689)
[ view plain ]
| 000 -LEADER | |
|---|---|
| campo de control de longitud fija | 00941nmc a2200373 a 4500 |
| 003 - IDENTIFICADOR DE NÚMERO DE CONTROL | |
| campo de control | AR-Y00000XR |
| 005 - FECHA Y HORA DE LA ÚLTIMA TRANSACCIÓN | |
| campo de control | 20251128211932.0 |
| 008 - DATOS DE LONGITUD FIJA--INFORMACIÓN GENERAL | |
| campo de control de longitud fija | 297020s2001 ||||||||||||||000 | spa|| |
| 040 ## - FUENTE DE CATALOGACIÓN | |
| Centro/agencia transcriptor | AR-Y00000XR |
| 100 1# - ENTRADA PRINCIPAL--NOMBRE DE PERSONA | |
| Nombre de persona | Martins, Wilson |
| 245 10 - MENCIÓN DEL TÍTULO | |
| Título | História da inteligencia brasileira |
| 260 ## - PUBLICACIÓN, DISTRIBUCIÓN, ETC. | |
| Lugar de publicación, distribución, etc. | São Paulo |
| Nombre del editor, distribuidor, etc. | T.A. Queiroz |
| Fecha de publicación, distribución, etc. | 2001 |
| 300 0# - DESCRIPCIÓN FÍSICA | |
| Extensión | 7 v. |
| 490 #0 - MENCIÓN DE SERIE | |
| Mención de serie | Coroa vermelha [estudos brasileiros] |
| Designación de volumen o secuencia | v. 23 A-F |
| 500 0# - NOTA GENERAL | |
| Nota general | Diferentes ediciones |
| 505 ## - NOTA DE CONTENIDO CON FORMATO | |
| Título | 1550-1794 |
| 505 ## - NOTA DE CONTENIDO CON FORMATO | |
| Título | 1794-1855 |
| 505 ## - NOTA DE CONTENIDO CON FORMATO | |
| Título | 1855-1877 |
| 505 ## - NOTA DE CONTENIDO CON FORMATO | |
| Título | 1877-1896 |
| 505 ## - NOTA DE CONTENIDO CON FORMATO | |
| Título | 1897-1914 |
| 505 ## - NOTA DE CONTENIDO CON FORMATO | |
| Título | 1915-1933 |
| 505 ## - NOTA DE CONTENIDO CON FORMATO | |
| Título | 1933-1960 |
| 650 #4 - PUNTO DE ACCESO ADICIONAL DE MATERIA--TÉRMINO DE MATERIA | |
| Término de materia o nombre geográfico como elemento de entrada | HISTORIA CULTURAL |
| 650 #4 - PUNTO DE ACCESO ADICIONAL DE MATERIA--TÉRMINO DE MATERIA | |
| Término de materia o nombre geográfico como elemento de entrada | INTELECTUALES |
| 650 #4 - PUNTO DE ACCESO ADICIONAL DE MATERIA--TÉRMINO DE MATERIA | |
| Término de materia o nombre geográfico como elemento de entrada | VIDA LITERARIA |
| 650 #4 - PUNTO DE ACCESO ADICIONAL DE MATERIA--TÉRMINO DE MATERIA | |
| Término de materia o nombre geográfico como elemento de entrada | ESCRITORES |
| 650 #4 - PUNTO DE ACCESO ADICIONAL DE MATERIA--TÉRMINO DE MATERIA | |
| Término de materia o nombre geográfico como elemento de entrada | VIDA POLITICA |
| 650 #4 - PUNTO DE ACCESO ADICIONAL DE MATERIA--TÉRMINO DE MATERIA | |
| Término de materia o nombre geográfico como elemento de entrada | SIGLO CATORCE |
| 650 #4 - PUNTO DE ACCESO ADICIONAL DE MATERIA--TÉRMINO DE MATERIA | |
| Término de materia o nombre geográfico como elemento de entrada | SIGLO VEINTE |
| 651 #4 - PUNTO DE ACCESO ADICIONAL DE MATERIA--NOMBRE GEOGRÁFICO | |
| Nombre geográfico | Brasil |
| 653 #0 - TÉRMINO DE INDIZACIÓN--NO CONTROLADO | |
| Término no controlado | HISTORIA BRASILENA |
| 942 ## - ELEMENTOS DE ENTRADA SECUNDARIOS (KOHA) | |
| Tipo de ítem Koha | Libros |
| 998 ## - INFORMACIÓN DE CONTROL LOCAL (RLIN) | |
| Iniciales del catalogador, CIN (RLIN) | me-solo cat |
| Estatus retirado | Estado de pérdida | Fuente de la clasificación o esquema de estantería | Estado de daño | Restricciones de uso | No para préstamo | Biblioteca de origen | Biblioteca actual | Fecha de adquisición | Fuente de adquisición | Total de préstamos | Signatura topográfica completa | Código de barras | Visto por última vez | Precio de reemplazo | Tipo de ítem Koha |
|---|---|---|---|---|---|---|---|---|---|---|---|---|---|---|---|
| Clasificación Decimal Dewey | Acceso restringido | No para préstamo | Liberty | Liberty | 28/11/2025 | Embajada de Brasil | 980 MART 01 | 144166 | 28/11/2025 | 28/11/2025 | Libros | ||||
| Clasificación Decimal Dewey | Acceso restringido | No para préstamo | Liberty | Liberty | 28/11/2025 | Embajada de Brasil | 980 MART 02 | 144163 | 28/11/2025 | 28/11/2025 | Libros | ||||
| Clasificación Decimal Dewey | Acceso restringido | No para préstamo | Liberty | Liberty | 28/11/2025 | Embajada de Brasil | 980 MART 03 | 144168 | 28/11/2025 | 28/11/2025 | Libros | ||||
| Clasificación Decimal Dewey | Acceso restringido | No para préstamo | Liberty | Liberty | 28/11/2025 | Embajada de Brasil | 980 MART 04 | 144164 | 28/11/2025 | 28/11/2025 | Libros | ||||
| Clasificación Decimal Dewey | Acceso restringido | No para préstamo | Liberty | Liberty | 28/11/2025 | Embajada de Brasil | 980 MART 05 | 144167 | 28/11/2025 | 28/11/2025 | Libros | ||||
| Clasificación Decimal Dewey | Acceso restringido | No para préstamo | Liberty | Liberty | 28/11/2025 | Embajada de Brasil | 980 MART 06 | 144165 | 28/11/2025 | 28/11/2025 | Libros | ||||
| Clasificación Decimal Dewey | Acceso restringido | No para préstamo | Liberty | Liberty | 28/11/2025 | Embajada de Brasil | 980 MART 07 | 144162 | 28/11/2025 | 28/11/2025 | Libros |